000 00749nam a2200265Ia 4500
003 OSt
005 20220918165311.0
006 a|||||r|||| 00| 0
007 ta
008 220917b |||||||| |||| 00| 0 eng d
020 _a186156287X (pbk)
024 _a234,671
037 _cTextual
040 _aARTS
_cARTS
_beng
041 _2eng
_aeng
082 _aSM9:53, P5
100 _aCortina Mauricio Ed.
_923632
245 0 _aAttachment theory and the psychoalytic process
260 _aLondon
_bWhurr Publishers UK
_c2005
300 _axx,490p.
_ccm.
650 _aPSYCHOLOGY
700 _a Marrone Mario Ed.
_923633
942 _hSM9:53, P5
_cTEXL
_2CC
999 _c129164
_d129164